| 000 | 00594nam a22002057a 4500 | ||
|---|---|---|---|
| 003 | Ost | ||
| 005 | 20250319173035.0 | ||
| 008 | 250319b |||||||| |||| 00| 0 eng d | ||
| 020 | _a9789355320940 | ||
| 040 | _cBT-PhCST | ||
| 050 | _a25241-25242 | ||
| 082 |
_222 _a004.6 _bFOR |
||
| 100 | _aForouzan, Behrouz A. | ||
| 245 | _aData communications and networking with TCP/IP protocol suite : | ||
| 250 | _a6th ed. | ||
| 260 |
_aIndia : _bMcGraw Hill education Private limited, _cc2024. |
||
| 300 |
_axxi, 834 p. : _bill. ; _c24 cm. |
||
| 500 | _aincludes references and index | ||
| 942 |
_2ddc _cIT |
||
| 999 |
_c9923 _d9923 |
||